Statistics for Second Word – Australian Birds

Click here to take the quiz!

General Stats

  • This quiz has been taken 21 times
    (19 since last reset)
  • The average score is 27 of 35

Answer Stats

First wordSecond word% Correct
SootyAlbatross | Owl | Oystercatcher | Shearwater | Tern
100%
RainbowBee-eater | Lorikeet | Pitta
100%
BarnOwl | Swallow
100%
CrimsonChat | Finch | Rosella
94%
HouseCrow | Sparrow | Swift
94%
SuperbFairy-wren | Fruit-dove | Lyrebird | Parrot
94%
TawnyFrogmouth | Grassbird
94%
WanderingAlbatross | Tattler | Whistling-Duck
88%
SatinBowerbird | Flycatcher
88%
PiedButcherbird | Cormorant | Currawong | Heron | Honeyeater | Imperial-Pigeon | Monarch | Oystercatcher
88%
White-wingedChough | Fairy-wren | Tern | Triller
88%
PinkCockatoo | Robin
88%
FairyGerygone | Martin | Penguin | Pitta | Prion | Tern
88%
MaskedBooby | Finch | Lapwing | Woodswallow
81%
DiamondDove | Firetail
81%
StriatedFieldwren | Grasswren | Heron | Pardalote | Thornbill
81%
Hoary-HeadedGrebe
81%
RoyalAlbatross | Penguin | Spoonbill
75%
GlossyBlack-cockatoo | Ibis | Swiftlet
75%
TorresianCrow | Imperial-Pigeon | Kingfisher
75%
FreckledDuck
75%
DuskyGerygone | Grasswren | Honeyeater | Moorhen | Robin | Woodswallow
75%
Red-backedButton-quail | Fairy-wren | Kingfisher
69%
White-frontedChat | Honeyeater | Tern
69%
White-belliedCuckoo-Shrike | (Sea Eagle) | Storm-Petrel
69%
SpangledDrongo
69%
VariedHoneyeater | Lorikeet | Sittella | Triller
69%
ParadiseParrot | Riflebird | Shelduck
69%
MetallicStarling
69%
BassianThrush
69%
ForestKingfisher | Raven | Wagtail
63%
HoodedParrot | Plover | Robin
63%
InlandDotterel | Thornbill
56%
TrumpetManucode
50%
Wilson'sPhalarope | Storm-Petrel
50%

Score Distribution

Percentile by Number Answered

Percent of People with Each Score

Your Score History

You have not taken this quiz since the last reset